Comunidades interculturales y democráticas : un trabajo colaborativo para una sociedad inclusiva /

Збережено в:
Бібліографічні деталі
Автор: Escarbajal Frutos, Andrés (edición)
Формат: Книга
Мова:Іспанська
Опубліковано: Madrid, España : Narcea, 2015, c2015
Предмети:
Теги: Додати тег
Немає тегів, Будьте першим, хто поставить тег для цього запису!

MARC

LEADER 00000nam^a2200000^a^4500
001 000399880
005 20250521000000.0
009 20260310121603.958
020 |a 978-84-277-2083-1 
037 |a Acervo ITESO - Biblioteca 
041 |a ESP 
082 |a 370. 19342  |b ESC 
100 |a Escarbajal Frutos, Andrés  |e (edición) 
245 1 0 |a Comunidades interculturales y democráticas :  |b un trabajo colaborativo para una sociedad inclusiva /  |c Ed. y presen. de A. Escarbajal Frutos. 
264 4 |a Madrid, España :  |b Narcea,  |c 2015, c2015 
300 |a 186 p. 
336 |a texto  |b txt  |2 rdacontenido 
337 |a sin mediación  |b n  |2 rdamedio 
338 |a volumen  |b nc  |2 rdasoporte 
521 |a FIL 2017 EEnlace Centro Interdisciplinario para la Formación y Vinculación Social 
649 |a XX 
650 |a Comunidad y Escuela 
650 |a Inclusión Educativa 
650 |a Integración Social -  |x Tema Principal 
650 |a Negociación y Mediación 
650 |a Investigación Educativa 
650 |a Formación y Capacitación de Profesores 
650 |a Competencias (Educación) 
650 |a Proceso Educativo 
650 |a Educación Intercultural -  |x Tema Principal 
650 |a Relaciones Interculturales 
650 |a Diversidad Cultural 
650 |a Educación Cívica -  |x Tema Principal 
650 |a Educación y Política 
650 |a Educación y Sociedad 
910 |a Fondo General 
920 |a Impresos - Libros 
930 |a Colección General 
905 |a 101 
901 |a 0500294850  |b IT1  |c ACC  |i c157589  |u 20250521 
902 |a https://opac.biblio.iteso.mx/vufind/Record/000399880